Statistics for Geographical Capes

Click here to take the quiz!

General Stats

  • This quiz has been taken 11 times
    (9 since last reset)
  • The average score is 8 of 27

Answer Stats

CountryIslandCape% Correct
ArgentinaAmericasHorn
86%
U.S.A.AmericasCod
71%
South AfricaAfro-EurasiaGood Hope
71%
SenegalAfro-EurasiaVerde
71%
U.S.A.AmericasHatteras
57%
(????????)AntarcticaAnn
29%
CanadaAmericasBathurst
29%
CanadaBaffinDyer
29%
DenmarkGreenlandFarewell
29%
AustraliaAustraliaLeeuwin
29%
New ZealandNorthNorth
29%
AustraliaAustraliaNorth West
29%
MexicoAmericasSan Lucas
29%
New ZealandStewartSouth West
29%
AustraliaAustraliaYork
29%
(????????)AntarcticaAdare
14%
IndiaAfro-EurasiaComorin
14%
(????????)AntarcticaDarnley
14%
SpainAfro-EurasiaFinisterre
14%
NamibiaAfro-EurasiaFria
14%
SomaliaAfro-EurasiaGwardafuy
14%
(????????)AntarcticaNorvegia
14%
MauritaniaAfro-EurasiaNouadhibou
14%
RussiaAfro-EurasiaOlyutorski
14%
(????????)AntarcticaPoinsett
14%
MadagascarAfro-EurasiaSainte-Marie
14%
BrazilAmericasSão Roque
14%

Score Distribution

Percentile by Number Answered

Percent of People with Each Score

Your Score History

You have not taken this quiz since the last reset